000 00421nam a22001697a 4500
005 20180727153806.0
008 160514b xxu||||| |||| 00| 0 eng d
020 _a978-0-07-058190-6
041 _aeng
082 _b2352
_a658.3
100 _aSekaran, UMA
_9355
245 _aOrganizational Behavior
260 _aNew Delhi
_bMc Graw Hill Companies,
_c2010
300 _a350p,
650 _aManagement
_9241
942 _cBK
999 _c846
_d846